Culpa y depresión: estudio psicoanalítico
Guardat en:
| Autor principal: | |
|---|---|
| Format: | Llibre |
| Idioma: | espanyol |
| Publicat: |
Madrid
Alianza
1988
|
| Col·lecció: | Alianza Universidad textos, 69
|
| Matèries: | |
| Etiquetes: |
Afegir etiqueta
Sense etiquetes, Sigues el primer a etiquetar aquest registre!
|
MARC
| LEADER | 00000nam a2200000 a 4500 | ||
|---|---|---|---|
| 001 | UCW6126 | ||
| 003 | CL-VaPUC | ||
| 008 | 911016e19880000SP |||||||||||||||||spa|d | ||
| 082 | 0 | 4 | |a 157.38 |b GRI |2 21 |
| 100 | |a Grinberg, León |e author |9 504130 | ||
| 245 | 1 | 0 | |a Culpa y depresión: estudio psicoanalítico |
| 300 | |a 276 p | ||
| 942 | |c BK | ||
| 945 | |d 19911016 00:00:00 | ||
| 260 | |a Madrid |b Alianza |c 1988 | ||
| 650 | 7 | |a CULPA MORAL |2 CL-VaPUC |9 311112 | |
| 650 | 7 | |a DEPRESION MENTAL |2 CL-VaPUC |9 309036 | |
| 650 | 0 | |a Psicoanálisis |9 265702 | |
| 650 | 0 | |a Psicopatología |9 307473 | |
| 583 | |a last modification |c 19911016 00:00:00 |k Rodrigo Vera | ||
| 490 | 0 | |a Alianza Universidad textos, 69 | |
| 999 | |c 219288 |d 219286 | ||
| 952 | |0 0 |1 0 |4 0 |6 157_380000000000000_GRI_1988 |7 0 |8 A |9 210026 |a BIBEDU |b BIBEDU |d 2019-11-15 |i 2781247 |o 157.38 GRI 1988 |p 2781247 |r 2019-11-15 |w 2019-11-15 |y BK |k EDU | ||